BIBLIOTECA PODER JUDICIAL
Portal Judicial TDF

Los dictámenes de la Procuración del Tesoro de la Nación : (Registro nro. 6163)

000 -LEADER
fixed length control field 01329nabaa22002177a 4500
003 - CONTROL NUMBER IDENTIFIER
control field OSt
005 - DATE AND TIME OF LATEST TRANSACTION
control field 20260123204732.0
008 - FIXED-LENGTH DATA ELEMENTS--GENERAL INFORMATION
fixed length control field 190701b xxu||||| |||| 00| 0 spa d
040 ## - CATALOGING SOURCE
Transcribing agency PJ
100 ## - MAIN ENTRY--PERSONAL NAME
9 (RLIN) 6909
Personal name Salgan Ruiz, Pablo
245 13 - TITLE STATEMENT
Title Los dictámenes de la Procuración del Tesoro de la Nación :
Statement of responsibility, etc una fuente estratégica del derecho administrativo /
Remainder of title Pablo Salgán Ruiz.
300 ## - PHYSICAL DESCRIPTION
Extent p. 70-94
500 ## - GENERAL NOTE
General note Cita: TR LALEY AR/DOC/452/2024
505 ## - FORMATTED CONTENTS NOTE
Formatted contents note Sumario: I. Planteo del tema.— II. Marco teórico de la investigación.— III. Antecedentes bibliográficos e históricos: las compilaciones oficiales (1874-1954).— IV. El contexto institucional previo: la Procuración del Tesoro (1922-1942).— V. El contexto organizacional: oficinas, funciones, herramientas y personas.— VI. La doctrina de los dictámenes de la Procuración del Tesoro.— VII. La Colección de Dictámenes de la Procuración del Tesoro, hoy.— VIII. Reflexiones finales.
505 ## - FORMATTED CONTENTS NOTE
Title ¿Te interesa el texto completo? Comunicate al correo: koha@justierradelfuego.gov.ar
650 #0 - SUBJECT ADDED ENTRY--TOPICAL TERM
9 (RLIN) 211
Topical term or geographic name as entry element DERECHO ADMINISTRATIVO
650 #0 - SUBJECT ADDED ENTRY--TOPICAL TERM
9 (RLIN) 5546
Topical term or geographic name as entry element DICTÁMENES
650 #0 - SUBJECT ADDED ENTRY--TOPICAL TERM
Topical term or geographic name as entry element PROCURACION DEL TESORO
773 0# - HOST ITEM ENTRY
Host Biblionumber 2842
Host Itemnumber 3251
Place, publisher, and date of publication Buenos Aires : AbeledoPerrot, 2012-
Other item identifier DA121
Title Derecho administrativo. Nº 152 marzo/abril 2024
International Standard Book Number 18510590
942 ## - ADDED ENTRY ELEMENTS (KOHA)
Source of classification or shelving scheme
Koha item type Analítica Artículo de Revista

No hay ítems disponibles.

12 de Octubre 789 Ushuaia - Tel:  54(02901)441571
Horario de Atención: 8.00 a 17.00 hs. 
bibliotecaush@justierradelfuego.gov.ar
koha@justierradelfuego.gov.ar
Seguinos en nuestras redes @bibliojustdf 

Con tecnología Koha